Score 0/26 Timer 07:00
0 Plays Today
% Correct
Climb
90.9%
Play
90.3%
Tree
88.3%
Boy
86.4%
Money
84.7%
King
83.4%
Apples
83.1%
Older
82.3%
Wife
80.2%
Time
80.1%
Branches
79.8%
Nothing
79.8%
Far
79.4%
% Correct
Trunk
78.3%
Happy
78%
Sail
75.6%
Something
73%
Loved
72.7%
Gone
70.7%
Swing
70.3%
Stump
69.4%
Forest
60%
Joy
57.2%
Teeth
56.3%
Quiet
54.2%
City
50.9%
Remove Ads.
Support Sporcle.
Get the best of Sporcle when you Go Orange. This ad-free experience offers more features, more stats, and more fun while also helping to support Sporcle. Thank you for becoming a member.

You're not logged in!

Compare scores with friends on all Sporcle quizzes.
OR
Log In

Sporcle TV

Today on Sporcle TV


Watch our educational content, quiz creation guides, and fun videos on Sporcle TV.

Show Comments

Extras

Top Quizzes Today


Score Distribution

Paid Content

Your Account Isn't Verified!

In order to create a playlist on Sporcle, you need to verify the email address you used during registration. Go to your Sporcle Settings to finish the process.

Report this User

Report this user for behavior that violates our Community Guidelines.

Details: